| 000 | 00841nam a2200169 i 4500 | ||
|---|---|---|---|
| 001 | 156502 | ||
| 003 | ES-MaACL | ||
| 005 | 20230906210427.0 | ||
| 008 | 970226s1840 sp |||| | spa d | ||
| 100 | 1 |
_aJullien, Marc Antoine. _9128396 |
|
| 245 | 1 | 0 |
_aEnsayo general de educación física, moral e intelectual, con un plan de educación práctica... ó Investigaciones sobre los principios de una educación perfeccionada... / _cescrito en francés por Marco-Antonio Jullien de Paris ; traducida al castellano por José María Laulhé y José Hernández. |
| 246 | 3 | 0 | _aInvestigaciones sobre los principios de una educación |
| 260 |
_aValencia : _b[s.n.], _c1840 ( _fImp. a cargo de Ventura Lluch) |
||
| 300 |
_aXXV, 520 p., [1] h. pleg. ; _c22 cm. |
||
| 700 | 1 |
_aLaulhé, José María. _9128737 |
|
| 852 |
_aES-MaACL _jC-3372 _z- Enc. hol. |
||
| 999 |
_c156502 _d156502 |
||